Statistics for Top 10 NBA Assists Per Decade

Click here to take the quiz!

General Stats

  • This quiz has been taken 465 times
    (10 since last reset)
  • The average score is 38 of 80

Answer Stats

DecadePlayerAST% Correct
2020sChris Paul2 713
100%
2010sChris Paul6 215
100%
2000sJason Kidd7 029
100%
1960sJerry West3 469
100%
1990sJohn Stockton9 146
100%
2010sLeBron James5 503
100%
2020sLeBron James2 347
100%
1980sMagic Johnson8 025
100%
2010sRussell Westbrook6 462
100%
2020sRussell Westbrook2 571
100%
2010sStephen Curry4 588
100%
1950sBob Cousy4 544
90%
2020sJames Harden2 886
90%
2010sJames Harden4 743
90%
2020sLuka Dončić2 888
90%
2000sSteve Nash6 886
90%
1990sAvery Johnson4 584
80%
1980sDennis Johnson4 381
80%
1990sKevin Johnson5 259
80%
2020sNikola Jokić3 081
80%
2010sRajon Rondo5 626
80%
2000sChauncey Billups4 182
70%
2010sKyle Lowry4 621
70%
1980sLarry Bird4 396
70%
1990sTim Hardaway5 925
70%
2020sTrae Young3 215
70%
2020sTyrese Haliburton2 274
70%
2020sDejounte Murray2 211
60%
2000sGary Payton4 150
60%
1990sGary Payton4 816
60%
1980sIsiah Thomas6 220
60%
2010sJrue Holiday4 151
60%
1990sMuggsy Bogues5 398
60%
1960sOscar Robertson7 173
60%
1960sBill Russell3 588
50%
2020sDomantas Sabonis2 294
50%
1970sJohn Havlicek4 185
50%
1960sK.C. Jones2 838
50%
2000sAndre Miller6 020
40%
1960sHal Greer3 238
40%
1970sJo Jo White3 819
40%
1990sMark Jackson6 437
40%
1980sMaurice Cheeks5 781
40%
1980sRickey Green4 346
40%
1970sWalt Frazier4 092
40%
1960sWilt Chamberlain3 548
40%
1960sElgin Baylor3 051
30%
1970sGail Goodrich3 769
30%
1980sJohn Lucas4 223
30%
2010sJohn Wall5 282
30%
1970sKevin Porter4 077
30%
1960sLenny Wilkens3 723
30%
1970sLenny Wilkens3 488
30%
2000sMike Bibby4 537
30%
2000sAllen Iverson4 227
20%
1950sDolph Schayes2 177
20%
2010sJeff Teague4 145
20%
1990sMookie Blaylock4 907
20%
1970sNate Archibald4 077
20%
1990sRod Strickland5 885
20%
2000sSam Cassell4 120
20%
2000sBaron Davis4 901
10%
1980sBrad Davis4 036
10%
1970sCalvin Murphy3 560
10%
1970sDave Bing4 012
10%
1950sGeorge King1 958
10%
1960sGuy Rodgers6 443
10%
1980sNorm Nixon5 096
10%
1970sNorm Van Lier5 217
10%
1980sReggie Theus5 239
10%
1990sSherman Douglas4 358
10%
1950sSlater Martin2 830
10%
2000sStephon Marbury4 808
10%
1950sAndy Phillip3 366
0%
1950sBob Davies1 929
0%
1950sCarl Braun2 269
0%
1950sDick McGuire3 847
0%
1950sEd Macauley2 079
0%
1950sPaul Seymour2 335
0%
1960sRichie Guerin3 336
0%

Score Distribution

Percentile by Number Answered

Percent of People with Each Score

Your Score History

You have not taken this quiz since the last reset